Electrical Engineering Materials (Record no. 1663)

MARC details
000 -LEADER
fixed length control field 00355nam a2200145Ia 4500
008 - FIXED-LENGTH DATA ELEMENTS--GENERAL INFORMATION
fixed length control field 221030s9999 xx 000 0 und d
041 ## - LANGUAGE CODE
Language code of text/sound track or separate title
082 ## - DEWEY DECIMAL CLASSIFICATION NUMBER
Classification number 105.23
Item number Raj
100 ## - MAIN ENTRY--AUTHOR NAME
Personal name R. K. Rajput
245 #0 - TITLE STATEMENT
Title Electrical Engineering Materials
Statement of responsibility, etc by R. K. Rajput
260 ## - PUBLICATION, DISTRIBUTION, ETC. (IMPRINT)
Name of publisher Laxmi Pub.
Place of publication New Delhi
Year of publication 1996
300 ## - PHYSICAL DESCRIPTION
Number of Pages 387
650 ## - SUBJECT ADDED ENTRY--TOPICAL TERM
Topical Term EE
942 ## - ADDED ENTRY ELEMENTS (KOHA)
Koha item type Books
Holdings
Accession Number Cost, normal purchase price Full call number Price effective from Koha item type Withdrawn / writtenoff status Materials specified (bound volume or other part) Damaged status Not for loan Permanent Location Current Location Shelving location Date acquired Lost/ Missing status department
BE 336 60.00 105.23 Raj 10/30/2022 Books   Print   Not For Loan MIET Library, Jammu MIET Library, Jammu BL-Second, FL-1, CUP-79, SH-3, R-3 11/12/1999   BE
BE 337 60.00 105.23 Raj 10/30/2022 Books   Print     MIET Library, Jammu MIET Library, Jammu BL-Academic Block C, FL-2, CUP-131, SH-2, R-2 11/12/1999   BE
BE 338 60.00 105.23 Raj 10/30/2022 Books   Print     MIET Library, Jammu MIET Library, Jammu BL-Academic Block C, FL-2, CUP-131, SH-2, R-2 11/12/1999   BE